[Event "Russian Higher League 2021"]
[Site "?"]
[Date "2021.06.26"]
[Round "1.1"]
[White "Shuvalova, Polina"]
[Black "Matlakov, Maxim"]
[Result "1/2-1/2"]
[WhiteElo "2489"]
[BlackElo "2688"]
[Annotator ""]
[Source ""]
[Remark ""]

1.e4 {[%clk 1:30:57]} c5 {[%clk 1:30:52]} 2.Nf3 {[%clk 1:31:20]}
Nc6 {[%clk 1:31:17]} 3.d4 {[%clk 1:27:57]} cxd4 {[%clk 1:31:38]}
4.Nxd4 {[%clk 1:28:23]} Nf6 {[%clk 1:31:46]} 5.Nc3 {[%clk 1:28:43]}
e5 {[%clk 1:32:03]} 6.Ndb5 {[%clk 1:28:30]} d6 {[%clk 1:32:27]}
7.Bg5 {[%clk 1:28:34]} a6 {[%clk 1:32:36]} 8.Na3 {[%clk 1:28:53]}
b5 {[%clk 1:32:59]} 9.Nd5 {[%clk 1:28:10]} Be7 {[%clk 1:33:18]}
10.Bxf6 {[%clk 1:26:47]} Bxf6 {[%clk 1:32:06]} 11.c3 {[%clk 1:24:11]}
Rb8 {[%clk 1:30:30]} 12.Nc2 {[%clk 1:19:57]} O-O {[%clk 1:26:12]}
13.Be2 {[%clk 1:16:23]} Bg5 {[%clk 1:18:11]} 14.O-O {[%clk 1:07:40]}
a5 {[%clk 1:14:59]} 15.b4 {[%clk 1:02:14]} Be6 {[%clk 1:04:31]}
16.a4 {[%clk 0:58:45]} bxa4 {[%clk 0:56:35]} 17.Rxa4 {[%clk 0:56:16]}
axb4 {[%clk 0:54:29]} 18.cxb4 {[%clk 0:56:21]} Ne7 {[%clk 0:51:38]}
19.Nxe7+ {[%clk 0:44:28]} Bxe7 {[%clk 0:47:58]} 20.Ne3 {[%clk 0:38:58]}
d5 {[%clk 0:44:04]} 21.Nxd5 {[%clk 0:26:41]} Bxd5 {[%clk 0:42:56]}
22.Qxd5 {[%clk 0:27:02]} Qxd5 {[%clk 0:36:37]} 23.exd5 {[%clk 0:26:53]}
Rxb4 {[%clk 0:36:38]} 24.Rxb4 {[%clk 0:23:07]} Bxb4 {[%clk 0:37:00]}
25.Bb5 {[%clk 0:23:10]} Rb8 {[%clk 0:32:13]} 26.Bc6 {[%clk 0:22:25]}
Kf8 {[%clk 0:32:38]} 27.Ra1 {[%clk 0:20:14]} Bc5 {[%clk 0:30:53]}
28.Ra8 {[%clk 0:18:37]} Rxa8 {[%clk 0:31:19]} 29.Bxa8 {[%clk 0:18:46]}
Ke7 {[%clk 0:31:46]} 30.d6+ {[%clk 0:13:33]} Kxd6 {[%clk 0:32:09]}
31.g4 {[%clk 0:11:41]} g6 {[%clk 0:32:32]} 32.Kg2 {[%clk 0:11:36]}
Ke6 {[%clk 0:32:55]} 33.f3 {[%clk 0:10:39]} f5 {[%clk 0:33:18]}
34.gxf5+ {[%clk 0:10:07]} gxf5 {[%clk 0:33:43]} 35.Bc6 {[%clk 0:09:50]}
Kf6 {[%clk 0:34:03]} 36.h3 {[%clk 0:08:27]} Kg5 {[%clk 0:34:07]}
37.Bb7 {[%clk 0:08:27]} Kf4 {[%clk 0:34:32]} 38.Bc6 {[%clk 0:08:45]}
Bb6 {[%clk 0:34:36]} 39.Bb7 {[%clk 0:09:09]} Bc5 {[%clk 0:35:00]}
40.Bc6 {[%clk 0:09:34]} Bd4 {[%clk 0:35:27]} 1/2-1/2

[Event "Russian Higher League 2021"]
[Site "?"]
[Date "2021.06.26"]
[Round "1.2"]
[White "Predke, Alexandr"]
[Black "Kezin, Roman"]
[Result "1-0"]
[WhiteElo "2683"]
[BlackElo "2486"]
[Annotator ""]
[Source ""]
[Remark ""]

1.d4 {[%clk 1:27:02]} d5 {[%clk 1:30:50]} 2.c4 {[%clk 1:27:17]}
e6 {[%clk 1:31:04]} 3.Nf3 {[%clk 1:27:39]} Nf6 {[%clk 1:31:27]}
4.g3 {[%clk 1:28:03]} Be7 {[%clk 1:29:53]} 5.Bg2 {[%clk 1:28:28]}
O-O {[%clk 1:30:18]} 6.O-O {[%clk 1:28:52]} dxc4 {[%clk 1:30:43]}
7.Qc2 {[%clk 1:29:19]} b5 {[%clk 1:30:10]} 8.a4 {[%clk 1:29:26]}
b4 {[%clk 1:30:35]} 9.Nfd2 {[%clk 1:29:47]} Nd5 {[%clk 1:29:34]}
10.Nxc4 {[%clk 1:26:51]} c5 {[%clk 1:29:54]} 11.dxc5 {[%clk 1:27:09]}
Ba6 {[%clk 1:30:14]} 12.Ne3 {[%clk 1:27:30]} Nd7 {[%clk 1:30:07]}
13.Nxd5 {[%clk 1:27:49]} exd5 {[%clk 1:30:28]} 14.c6 {[%clk 1:28:16]}
Rc8 {[%clk 1:28:22]} 15.Bf4 {[%clk 1:28:37]} Nc5 {[%clk 1:25:57]}
16.Rd1 {[%clk 1:28:51]} Bc4 {[%clk 0:57:57]} 17.Nd2 {[%clk 1:28:35]}
Bxe2 {[%clk 0:57:28]} 18.Nb3 {[%clk 1:27:58]} Bxd1 {[%clk 0:32:36]}
19.Rxd1 {[%clk 1:26:54]} Nxb3 {[%clk 0:19:23]} 20.c7 {[%clk 1:25:55]}
Qd7 {[%clk 0:01:38]} 21.Bxd5 {[%clk 1:00:58]} Na1 {[%clk 0:01:01]}
22.Be4 {[%clk 0:51:03]} b3 {[%clk 0:00:32]} 23.Qb1 {[%clk 0:44:28]}
Qxa4 {[%clk 0:00:34]} 24.Bxh7+ {[%clk 0:38:47]} Kh8 {[%clk 0:01:03]}
25.Qf5 {[%clk 0:38:58]} g5 {[%clk 0:00:39]} 26.Be5+ {[%clk 0:28:15]}
f6 {[%clk 0:01:07]} 27.Qh3 {[%clk 0:24:08]} Kg7 {[%clk 0:01:12]}
28.Bf5 {[%clk 0:22:43]} Rh8 {[%clk 0:01:36]} 29.Bxc8 {[%clk 0:23:07]} 1-0

[Event "Russian Higher League 2021"]
[Site "?"]
[Date "2021.06.26"]
[Round "1.3"]
[White "Faizrakhmanov, Ramil"]
[Black "Rakhmanov, Aleksandr"]
[Result "1/2-1/2"]
[WhiteElo "2484"]
[BlackElo "2651"]
[Annotator ""]
[Source ""]
[Remark ""]

1.d4 {[%clk 1:30:56]} e6 {[%clk 1:29:32]} 2.c4 {[%clk 1:30:48]}
Bb4+ {[%clk 1:28:24]} 3.Bd2 {[%clk 1:30:01]} a5 {[%clk 1:26:52]}
4.Nf3 {[%clk 1:28:25]} d5 {[%clk 1:25:28]} 5.a3 {[%clk 1:25:01]}
Bxd2+ {[%clk 1:19:24]} 6.Nbxd2 {[%clk 1:24:08]} Nf6 {[%clk 1:18:55]}
7.g3 {[%clk 1:22:14]} O-O {[%clk 1:10:26]} 8.Bg2 {[%clk 1:21:51]}
Nc6 {[%clk 1:03:34]} 9.O-O {[%clk 1:19:17]} Qe7 {[%clk 0:59:51]}
10.Qc2 {[%clk 1:15:05]} Rd8 {[%clk 0:59:38]} 11.Rfd1 {[%clk 1:12:50]}
Bd7 {[%clk 0:53:26]} 12.Rac1 {[%clk 1:09:46]} a4 {[%clk 0:48:29]}
13.e3 {[%clk 1:08:07]} h6 {[%clk 0:45:21]} 14.h3 {[%clk 1:05:43]}
Be8 {[%clk 0:33:49]} 15.Ne5 {[%clk 1:02:16]} Rac8 {[%clk 0:32:21]}
16.Nd3 {[%clk 1:00:14]} Ra8 {[%clk 0:20:43]} 17.Nf3 {[%clk 0:53:41]}
Nd7 {[%clk 0:19:13]} 18.cxd5 {[%clk 0:46:39]} exd5 {[%clk 0:19:36]}
19.Nc5 {[%clk 0:46:40]} Nxc5 {[%clk 0:17:21]} 20.Qxc5 {[%clk 0:45:51]}
Rac8 {[%clk 0:15:31]} 21.Qc3 {[%clk 0:41:13]} Na7 {[%clk 0:06:50]}
22.Ne1 {[%clk 0:34:02]} b6 {[%clk 0:02:17]} 23.Nd3 {[%clk 0:30:55]}
Bb5 {[%clk 0:01:34]} 24.Nf4 {[%clk 0:25:38]} Bc4 {[%clk 0:01:18]}
25.e4 {[%clk 0:24:11]} c6 {[%clk 0:00:37]} 26.Re1 {[%clk 0:24:18]}
Qf8 {[%clk 0:00:35]} 27.h4 {[%clk 0:20:35]} Nb5 {[%clk 0:00:47]}
28.Qd2 {[%clk 0:20:26]} c5 {[%clk 0:00:33]} 29.dxc5 {[%clk 0:15:26]}
dxe4 {[%clk 0:00:47]} 30.Qb4 {[%clk 0:15:09]} Qxc5 {[%clk 0:01:04]}
31.Qxa4 {[%clk 0:14:16]} Nd4 {[%clk 0:00:35]} 32.Bxe4 {[%clk 0:14:02]}
b5 {[%clk 0:00:42]} 33.Qb4 {[%clk 0:14:09]} Qxb4 {[%clk 0:00:43]}
34.axb4 {[%clk 0:14:37]} g5 {[%clk 0:00:55]} 35.hxg5 {[%clk 0:13:42]}
hxg5 {[%clk 0:01:22]} 36.Nd5 {[%clk 0:13:47]} Kg7 {[%clk 0:01:13]}
37.Nc3 {[%clk 0:11:30]} Bb3 {[%clk 0:00:33]} 38.Bg2 {[%clk 0:09:27]}
Re8 {[%clk 0:00:59]} 39.Re4 {[%clk 0:04:49]} Rxe4 {[%clk 0:00:50]}
40.Bxe4 {[%clk 0:05:11]} Rc4 {[%clk 0:00:40]} 41.Kg2 {[%clk 0:02:10]}
f5 {[%clk 0:19:34]} 42.Bd3 {[%clk 0:26:22]} Rxb4 {[%clk 0:19:50]}
43.Kf1 {[%clk 0:19:32]} Be6 {[%clk 0:18:00]} 44.Nd1 {[%clk 0:17:54]}
f4 {[%clk 0:17:58]} 45.gxf4 {[%clk 0:16:40]} gxf4 {[%clk 0:16:07]}
46.Rc5 {[%clk 0:12:22]} Rb3 {[%clk 0:04:00]} 47.Be4 {[%clk 0:06:52]}
b4 {[%clk 0:03:04]} 48.Ke1 {[%clk 0:05:39]} Kf6 {[%clk 0:00:37]}
49.Ra5 {[%clk 0:01:17]} Rh3 {[%clk 0:00:34]} 50.Ra4 {[%clk 0:01:08]}
Ke5 {[%clk 0:00:44]} 51.Bg2 {[%clk 0:00:40]} Rh2 {[%clk 0:00:34]}
52.Ra5+ {[%clk 0:01:02]} Kf6 {[%clk 0:00:52]} 53.Be4 {[%clk 0:01:02]}
Bb3 {[%clk 0:00:33]} 54.Rc5 {[%clk 0:00:33]} Bxd1 {[%clk 0:00:35]}
55.Kxd1 {[%clk 0:00:58]} Rxf2 {[%clk 0:01:01]} 56.Rd5 {[%clk 0:01:15]}
Nf3 {[%clk 0:00:33]} 57.Rf5+ {[%clk 0:01:04]} Ke6 {[%clk 0:00:49]}
58.Rxf4 {[%clk 0:01:23]} Ke5 {[%clk 0:00:33]} 59.Rxf3 {[%clk 0:01:45]}
Rxb2 {[%clk 0:01:01]} 60.Bc2 {[%clk 0:01:58]} Kd4 {[%clk 0:01:06]}
61.Kc1 {[%clk 0:02:05]} Ra2 {[%clk 0:01:34]} 62.Kb1 {[%clk 0:02:28]}
Ra3 {[%clk 0:02:00]} 63.Bb3 {[%clk 0:02:53]} Ra5 {[%clk 0:02:05]}
64.Kb2 {[%clk 0:02:38]} Re5 {[%clk 0:02:29]} 65.Bc2 {[%clk 0:02:50]}
Re3 {[%clk 0:02:51]} 66.Rf4+ {[%clk 0:02:59]} Kc5 {[%clk 0:03:18]}
67.Rf8 {[%clk 0:02:20]} Kc4 {[%clk 0:03:25]} 68.Rc8+ {[%clk 0:02:33]}
Kb5 {[%clk 0:03:48]} 69.Bd1 {[%clk 0:01:45]} Kb6 {[%clk 0:03:54]}
70.Rf8 {[%clk 0:01:24]} Kb5 {[%clk 0:04:15]} 71.Kc2 {[%clk 0:01:35]}
Kc4 {[%clk 0:04:26]} 72.Rc8+ {[%clk 0:01:49]} Kd4 {[%clk 0:04:14]}
73.Kb2 {[%clk 0:01:52]} Rc3 {[%clk 0:04:08]} 74.Rb8 {[%clk 0:02:03]}
Kc5 {[%clk 0:04:16]} 75.Ba4 {[%clk 0:01:10]} Rg3 {[%clk 0:04:15]}
76.Rc8+ {[%clk 0:00:59]} Kb6 {[%clk 0:04:33]} 77.Re8 {[%clk 0:00:41]}
Ka5 {[%clk 0:04:46]} 78.Bd1 {[%clk 0:00:51]} Kb5 {[%clk 0:04:30]}
79.Rf8 {[%clk 0:00:59]} Re3 {[%clk 0:04:51]} 80.Rf2 {[%clk 0:00:41]}
Kc4 {[%clk 0:04:55]} 81.Be2+ {[%clk 0:00:59]} Kd4 {[%clk 0:04:57]}
82.Bf1 {[%clk 0:01:18]} Kc5 {[%clk 0:04:04]} 83.Rf5+ {[%clk 0:01:34]}
Kc6 {[%clk 0:04:22]} 84.Rb5 {[%clk 0:01:18]} Rf3 {[%clk 0:04:23]}
85.Bc4 {[%clk 0:01:39]} Re3 {[%clk 0:04:09]} 86.Rxb4 {[%clk 0:01:58]}
Kc5 {[%clk 0:04:27]} 87.Ra4 {[%clk 0:02:22]} Rg3 {[%clk 0:04:36]}
88.Kc2 {[%clk 0:02:38]} Rg1 {[%clk 0:04:19]} 89.Bd3 {[%clk 0:02:54]}
Rh1 {[%clk 0:04:28]} 90.Kc3 {[%clk 0:03:15]} Rc1+ {[%clk 0:04:54]}
91.Bc2 {[%clk 0:03:43]} Kd6 {[%clk 0:05:01]} 92.Ra5 {[%clk 0:04:02]}
Ke6 {[%clk 0:05:17]} 93.Kd3 {[%clk 0:04:23]} Kd6 {[%clk 0:05:39]}
94.Rh5 {[%clk 0:04:39]} Ke6 {[%clk 0:05:25]} 95.Bb3+ {[%clk 0:04:49]}
Kf6 {[%clk 0:05:48]} 96.Bd5 {[%clk 0:05:03]} Rd1+ {[%clk 0:05:49]}
97.Ke4 {[%clk 0:05:24]} Re1+ {[%clk 0:06:11]} 98.Kf4 {[%clk 0:05:50]}
Rf1+ {[%clk 0:06:23]} 99.Bf3 {[%clk 0:06:15]} Re1 {[%clk 0:06:50]}
100.Rh6+ {[%clk 0:06:37]} Ke7 {[%clk 0:07:18]} 101.Be4 {[%clk 0:07:00]}
Re2 {[%clk 0:07:24]} 102.Ke5 {[%clk 0:07:24]} Re1 {[%clk 0:07:50]}
103.Rh7+ {[%clk 0:07:47]} Ke8 {[%clk 0:08:18]} 104.Kd5 {[%clk 0:07:32]}
Kf8 {[%clk 0:08:45]} 105.Bf5 {[%clk 0:06:00]} Re7 {[%clk 0:09:12]}
106.Rh1 {[%clk 0:06:14]} Kf7 {[%clk 0:08:08]} 107.Rf1 {[%clk 0:06:31]}
Ra7 {[%clk 0:07:57]} 108.Be6+ {[%clk 0:05:51]} Kg6 {[%clk 0:08:00]}
109.Ke5 {[%clk 0:06:12]} Ra5+ {[%clk 0:08:23]} 110.Bd5 {[%clk 0:06:36]}
Kg5 {[%clk 0:08:33]} 111.Rg1+ {[%clk 0:06:22]} Kh5 {[%clk 0:09:00]}
112.Rg2 {[%clk 0:05:06]} Rb5 {[%clk 0:09:26]} 113.Rg8 {[%clk 0:05:09]}
Ra5 {[%clk 0:09:53]} 114.Ke4 {[%clk 0:05:23]} Kh6 {[%clk 0:10:20]}
115.Rg2 {[%clk 0:04:40]} Rb5 {[%clk 0:10:40]} 116.Be6 {[%clk 0:04:13]}
Rg5 {[%clk 0:11:06]} 117.Ra2 {[%clk 0:04:16]} Kg6 {[%clk 0:11:08]}
118.Ra6 {[%clk 0:04:35]} Rg1 {[%clk 0:11:30]} 119.Bf5+ {[%clk 0:04:45]}
Kf7 {[%clk 0:11:55]} 120.Ke5 {[%clk 0:04:45]} Re1+ {[%clk 0:12:20]}
121.Be4 {[%clk 0:05:09]} Ke7 {[%clk 0:12:40]} 122.Re6+ {[%clk 0:05:24]}
Kd7 {[%clk 0:12:36]} 123.Rh6 {[%clk 0:05:30]} Ke7 {[%clk 0:13:02]}
124.Rh3 {[%clk 0:05:17]} Ke8 {[%clk 0:13:03]} 125.Rh7 {[%clk 0:05:14]}
Re2 {[%clk 0:13:30]} 1/2-1/2

[Event "Russian Higher League 2021"]
[Site "?"]
[Date "2021.06.26"]
[Round "1.4"]
[White "Dreev, Aleksey"]
[Black "Nesterov, Arseniy"]
[Result "1-0"]
[WhiteElo "2647"]
[BlackElo "2479"]
[Annotator ""]
[Source ""]
[Remark ""]

1.d4 d5 2.c4 e6 3.Nc3 c5 4.cxd5 exd5 5.Nf3 Nf6 6.Bg5 Be6 7.g3
Nc6 8.Bg2 h6 9.Bxf6 Qxf6 10.O-O O-O-O 11.Qa4 Kb8 12.Rad1 g5 13.dxc5
Bxc5 14.Qb5 Qe7 15.Na4 Bd6 16.Rc1 Rc8 17.Rfd1 Qf6 18.Nc3 Ne7
19.Nd4 a6 20.Qb3 Bc5 21.e3 Bxd4 22.Rxd4 h5 23.Rdd1 Rc6 24.Nxd5
Bxd5 25.Bxd5 Rb6 26.Qc3 Qxc3 27.bxc3 Nxd5 28.Rxd5 f6 29.h4 gxh4
30.gxh4 Rb2 31.a4 Ra2 32.a5 Ra4 33.c4 Kc7 34.Kg2 Kc6 35.Rf5 Rh6
36.f4 Rb4 37.Kf3 Kd6 38.Rd1+ Kc6 39.Rd4 Rb1 40.Re4 Rf1+ 41.Kg2
Ra1 42.Re6+ Kd7 43.Rb6 Kc7 44.Rc5+ Kb8 45.Re6 Rh8 46.Kf3 Rh1
47.Re7 Ka8 48.Rcc7 f5 49.Rxb7 Rh3+ 50.Kg2 Rxe3 51.Ra7+ Kb8 52.Rxe3
Kxa7 53.Re7+ Kb8 54.Rf7 Rg8+ 55.Kh3 Rc8 56.Rxf5 Rxc4 57.Kg3 Rc3+
58.Kf2 1-0

[Event "Russian Higher League 2021"]
[Site "?"]
[Date "2021.06.26"]
[Round "1.5"]
[White "Belyakov, Bogdan"]
[Black "Sarana, Alexey"]
[Result "0-1"]
[WhiteElo "2465"]
[BlackElo "2640"]
[Annotator ""]
[Source ""]
[Remark ""]

1.e4 {[%clk 1:30:56]} c5 {[%clk 1:30:44]} 2.c3 {[%clk 1:31:19]}
d5 {[%clk 1:31:06]} 3.exd5 {[%clk 1:31:44]} Qxd5 {[%clk 1:31:30]}
4.d4 {[%clk 1:32:08]} Nf6 {[%clk 1:31:47]} 5.Nf3 {[%clk 1:32:29]}
Nc6 {[%clk 1:32:11]} 6.Be2 {[%clk 1:31:31]} cxd4 {[%clk 1:32:19]}
7.cxd4 {[%clk 1:31:31]} e6 {[%clk 1:32:44]} 8.Nc3 {[%clk 1:30:43]}
Qd6 {[%clk 1:33:09]} 9.Bc4 {[%clk 1:24:19]} Be7 {[%clk 1:32:19]}
10.a3 {[%clk 1:19:25]} O-O {[%clk 1:32:18]} 11.O-O {[%clk 1:19:47]}
Rd8 {[%clk 1:26:54]} 12.Be3 {[%clk 1:15:36]} a6 {[%clk 1:25:54]}
13.Ba2 {[%clk 1:13:25]} b5 {[%clk 1:24:51]} 14.Qe2 {[%clk 1:10:18]}
Bb7 {[%clk 1:19:52]} 15.b4 {[%clk 0:54:26]} Rac8 {[%clk 1:17:37]}
16.Rac1 {[%clk 0:54:11]} Bf8 {[%clk 1:17:15]} 17.Rfe1 {[%clk 0:48:29]}
g6 {[%clk 1:00:57]} 18.Bg5 {[%clk 0:40:31]} Bg7 {[%clk 1:00:55]}
19.d5 {[%clk 0:37:40]} exd5 {[%clk 1:00:34]} 20.Bxf6 {[%clk 0:38:03]}
Bxf6 {[%clk 0:54:07]} 21.Nxd5 {[%clk 0:38:26]} Nd4 {[%clk 0:52:27]}
22.Nxf6+ {[%clk 0:31:26]} Qxf6 {[%clk 0:52:55]} 23.Nxd4 {[%clk 0:31:37]}
Rxc1 {[%clk 0:53:03]} 24.Rxc1 {[%clk 0:32:02]} Rxd4 {[%clk 0:51:31]}
25.f3 {[%clk 0:18:56]} Qd8 {[%clk 0:41:08]} 26.Qe5 {[%clk 0:17:13]}
Rd2 {[%clk 0:38:43]} 27.Bb3 {[%clk 0:16:17]} Bd5 {[%clk 0:38:28]}
28.Bxd5 {[%clk 0:14:43]} Rxd5 {[%clk 0:38:57]} 29.Qf4 {[%clk 0:10:33]}
Rd4 {[%clk 0:34:28]} 30.Qe5 {[%clk 0:10:29]} Rd3 {[%clk 0:34:33]}
31.h3 Rxa3 {[%clk 0:31:27]} 32.Rc6 {[%clk 0:05:23]} Rd3 {[%clk 0:31:52]}
33.Kh2 {[%clk 0:04:21]} Rd5 {[%clk 0:31:36]} 34.Qf4 {[%clk 0:04:17]}
Rf5 {[%clk 0:29:32]} 35.Qc1 {[%clk 0:03:21]} Qd4 {[%clk 0:27:30]}
36.Rxa6 {[%clk 0:03:17]} Qxb4 {[%clk 0:24:32]} 37.Qa1 {[%clk 0:01:27]}
Qf4+ {[%clk 0:24:54]} 38.Kh1 {[%clk 0:01:11]} Re5 {[%clk 0:21:29]}
39.Rb6 {[%clk 0:00:57]} Rc5 {[%clk 0:20:59]} 40.Qg1 {[%clk 0:00:53]}
Rc1 {[%clk 0:21:21]} 41.Rxb5 {[%clk 0:01:20]} Rxg1+ {[%clk 0:21:35]}
42.Kxg1 {[%clk 0:01:45]} h5 {[%clk 0:22:01]} 43.Rb1 {[%clk 0:01:48]}
Kg7 {[%clk 0:22:27]} 44.Re1 {[%clk 0:02:06]} Kf6 {[%clk 0:22:44]}
45.Re4 {[%clk 0:02:27]} Qxe4 {[%clk 0:22:18]} 46.fxe4 {[%clk 0:02:52]}
Ke5 {[%clk 0:22:46]} 47.Kf2 {[%clk 0:03:04]} Kxe4 {[%clk 0:23:12]}
48.Ke2 {[%clk 0:29:58]} Kf4 {[%clk 0:53:36]} 49.Kf2 {[%clk 0:30:25]}
h4 {[%clk 0:54:03]} 0-1

[Event "Russian Higher League 2021"]
[Site "?"]
[Date "2021.06.26"]
[Round "1.6"]
[White "Motylev, Alexander"]
[Black "Makarian, Rudik"]
[Result "1/2-1/2"]
[WhiteElo "2639"]
[BlackElo "2460"]
[Annotator ""]
[Source ""]
[Remark ""]

1.e4 {[%clk 1:30:57]} c5 {[%clk 1:27:29]} 2.Nf3 {[%clk 1:31:19]}
e6 {[%clk 1:27:16]} 3.d4 {[%clk 1:31:42]} cxd4 {[%clk 1:27:43]}
4.Nxd4 {[%clk 1:32:07]} Nf6 {[%clk 1:28:11]} 5.Nc3 {[%clk 1:32:30]}
Nc6 {[%clk 1:28:38]} 6.Bf4 {[%clk 1:29:43]} Bb4 {[%clk 1:28:15]}
7.Ndb5 {[%clk 1:28:58]} Nxe4 {[%clk 1:28:32]} 8.Qf3 {[%clk 1:26:01]}
d5 {[%clk 1:28:48]} 9.Nc7+ {[%clk 1:22:52]} Kf8 {[%clk 1:29:05]}
10.Nxa8 {[%clk 1:22:12]} e5 {[%clk 1:29:20]} 11.Bd2 {[%clk 1:10:36]}
Nd4 {[%clk 1:29:31]} 12.Qd1 {[%clk 1:09:03]} Qh4 {[%clk 1:29:54]}
13.g3 {[%clk 1:01:23]} Qf6 {[%clk 1:30:19]} 14.Nxe4 {[%clk 1:01:17]}
Nf3+ {[%clk 1:30:46]} 15.Qxf3 {[%clk 1:00:53]} Qxf3 {[%clk 1:30:55]}
16.Bxb4+ {[%clk 1:01:13]} Kg8 {[%clk 1:31:03]} 17.Nd6 {[%clk 1:00:54]}
Qxh1 {[%clk 1:29:31]} 18.O-O-O {[%clk 1:00:05]} Be6 {[%clk 1:29:25]}
19.Nc7 {[%clk 0:58:29]} Qxh2 {[%clk 1:26:48]} 20.Nxd5 {[%clk 0:54:24]}
Bxd5 {[%clk 0:48:50]} 21.Rxd5 {[%clk 0:53:30]} Qxf2 {[%clk 0:47:59]}
22.Rxe5 {[%clk 0:49:10]} Qxf1+ {[%clk 0:39:29]} 23.Re1 {[%clk 0:49:04]}
Qxe1+ {[%clk 0:39:52]} 24.Bxe1 {[%clk 0:49:29]} h5 {[%clk 0:39:01]}
25.Nxb7 {[%clk 0:43:22]} g5 {[%clk 0:39:20]} 26.Nc5 {[%clk 0:23:45]}
h4 {[%clk 0:38:23]} 27.gxh4 {[%clk 0:22:53]} gxh4 {[%clk 0:38:51]}
28.Nd3 {[%clk 0:22:33]} h3 {[%clk 0:36:53]} 29.Nf2 {[%clk 0:21:43]}
f5 {[%clk 0:23:51]} 30.Kd1 {[%clk 0:15:31]} Kf7 {[%clk 0:16:08]}
31.Ke2 {[%clk 0:13:24]} h2 {[%clk 0:11:04]} 32.Nh1 {[%clk 0:13:01]}
Rg8 {[%clk 0:08:41]} 33.Bg3 {[%clk 0:12:33]} f4 {[%clk 0:09:05]}
34.Bxf4 {[%clk 0:12:21]} Rg1 {[%clk 0:09:23]} 35.Bxh2 {[%clk 0:11:50]}
Rxh1 {[%clk 0:09:49]} 36.Bb8 {[%clk 0:11:11]} Rb1 {[%clk 0:10:07]}
37.b3 {[%clk 0:10:03]} Rb2 {[%clk 0:10:26]} 38.a4 {[%clk 0:09:57]}
Rxc2+ {[%clk 0:10:49]} 39.Kd3 {[%clk 0:10:23]} Rb2 {[%clk 0:11:16]}
40.Kc3 {[%clk 0:10:46]} Rxb3+ {[%clk 0:10:50]} 41.Kxb3 {[%clk 0:10:01]}
Ke6 {[%clk 0:11:16]} 42.Bxa7 {[%clk 0:06:42]} Kd7 {[%clk 0:11:26]}
43.a5 {[%clk 0:07:07]} Kc6 {[%clk 0:11:53]} 44.a6 {[%clk 0:07:29]}
Kb5 {[%clk 0:12:20]} 45.Bd4 {[%clk 0:07:53]} Kxa6 1/2-1/2

[Event "Russian Higher League 2021"]
[Site "?"]
[Date "2021.06.26"]
[Round "1.7"]
[White "Samusenko, Maksim"]
[Black "Chigaev, Maksim"]
[Result "0-1"]
[WhiteElo "2460"]
[BlackElo "2630"]
[Annotator ""]
[Source ""]
[Remark ""]

1.e4 {[%clk 1:30:51]} c5 {[%clk 1:30:47]} 2.Nf3 {[%clk 1:31:06]}
d6 {[%clk 1:31:07]} 3.d4 {[%clk 1:31:19]} cxd4 {[%clk 1:31:28]}
4.Nxd4 {[%clk 1:31:41]} Nf6 {[%clk 1:31:51]} 5.Nc3 {[%clk 1:32:01]}
a6 {[%clk 1:32:13]} 6.Bd3 {[%clk 1:30:51]} e5 {[%clk 1:32:03]}
7.Nde2 {[%clk 1:31:05]} Be7 {[%clk 1:32:19]} 8.O-O {[%clk 1:31:18]}
Be6 {[%clk 1:32:19]} 9.Ng3 {[%clk 1:29:35]} Nbd7 {[%clk 1:24:20]}
10.a4 {[%clk 1:21:31]} Rc8 {[%clk 1:21:08]} 11.Re1 {[%clk 1:08:16]}
g6 {[%clk 1:12:35]} 12.h3 {[%clk 1:02:15]} O-O {[%clk 1:10:26]}
13.Bh6 {[%clk 0:52:12]} Re8 {[%clk 1:10:46]} 14.Qd2 {[%clk 0:50:52]}
Bf8 {[%clk 1:08:52]} 15.Bg5 {[%clk 0:43:31]} Qa5 {[%clk 1:03:03]}
16.Red1 {[%clk 0:38:28]} h5 {[%clk 0:52:57]} 17.Be2 {[%clk 0:30:30]}
Qb4 {[%clk 0:48:53]} 18.Rab1 {[%clk 0:27:47]} Be7 {[%clk 0:42:53]}
19.h4 {[%clk 0:21:38]} Qc5 {[%clk 0:40:44]} 20.Rbc1 {[%clk 0:19:13]}
Qc7 {[%clk 0:33:22]} 21.Nf1 {[%clk 0:15:14]} Qb8 {[%clk 0:32:34]}
22.f3 {[%clk 0:14:00]} Rc6 {[%clk 0:31:01]} 23.Ne3 {[%clk 0:13:03]}
Bd8 {[%clk 0:26:42]} 24.Ncd5 {[%clk 0:07:49]} Bxd5 {[%clk 0:26:51]}
25.exd5 {[%clk 0:07:12]} Rc8 {[%clk 0:27:12]} 26.Kh1 {[%clk 0:06:34]}
b5 {[%clk 0:17:41]} 27.axb5 {[%clk 0:06:49]} axb5 {[%clk 0:18:07]}
28.c3 {[%clk 0:05:51]} Nc5 {[%clk 0:13:55]} 29.Qc2 {[%clk 0:05:54]}
Qb6 {[%clk 0:13:51]} 30.b4 {[%clk 0:04:42]} Ncd7 {[%clk 0:10:17]}
31.Qd2 {[%clk 0:04:42]} Nh7 {[%clk 0:08:42]} 32.Bxd8 {[%clk 0:04:58]}
Rexd8 {[%clk 0:08:45]} 33.Ra1 {[%clk 0:04:46]} Ra8 {[%clk 0:08:26]}
34.Bf1 {[%clk 0:04:31]} Nhf6 {[%clk 0:08:22]} 35.g3 {[%clk 0:04:00]}
e4 {[%clk 0:07:49]} 36.f4 {[%clk 0:03:36]} Ng4 {[%clk 0:08:11]}
37.Rxa8 {[%clk 0:02:23]} Rxa8 {[%clk 0:08:34]} 38.Nxg4 {[%clk 0:01:33]}
hxg4 {[%clk 0:08:59]} 39.Qd4 {[%clk 0:01:15]} Qxd4 {[%clk 0:08:18]}
40.Rxd4 {[%clk 0:01:31]} Nf6 {[%clk 0:06:19]} 41.Kg1 {[%clk 0:00:42]}
Ra3 {[%clk 0:04:25]} 42.Bxb5 {[%clk 0:22:47]} Rxc3 {[%clk 0:32:26]}
43.Kg2 {[%clk 0:22:04]} Rc2+ {[%clk 0:30:36]} 44.Kg1 {[%clk 0:21:29]}
Rb2 {[%clk 0:29:00]} 45.Rd1 {[%clk 0:16:42]} Rxb4 {[%clk 0:28:40]}
46.Be2 {[%clk 0:16:59]} Rb2 {[%clk 0:28:52]} 47.Kf2 {[%clk 0:16:48]}
Nh5 {[%clk 0:28:39]} 48.Rc1 {[%clk 0:15:41]} Kf8 {[%clk 0:22:58]}
49.Rc6 {[%clk 0:13:12]} Ke7 {[%clk 0:23:17]} 50.Rc7+ {[%clk 0:13:21]}
Ke8 {[%clk 0:23:38]} 51.Rc3 {[%clk 0:09:38]} Nf6 {[%clk 0:20:44]}
52.Rc4 {[%clk 0:08:01]} Rd2 {[%clk 0:18:37]} 53.Ra4 {[%clk 0:08:18]}
Kf8 {[%clk 0:17:11]} 54.Ke3 {[%clk 0:07:48]} Rxd5 {[%clk 0:12:45]}
55.Ra6 {[%clk 0:07:55]} Kg7 {[%clk 0:13:05]} 56.Rc6 {[%clk 0:06:56]}
Ra5 {[%clk 0:12:54]} 57.Rxd6 {[%clk 0:06:51]} Ra3+ {[%clk 0:13:12]}
58.Kd4 {[%clk 0:03:03]} Rxg3 {[%clk 0:13:09]} 59.Ra6 {[%clk 0:03:02]}
Rg2 {[%clk 0:12:23]} 60.Bc4 {[%clk 0:03:10]} Rd2+ {[%clk 0:09:46]}
61.Ke5 {[%clk 0:03:21]} Nd7+ {[%clk 0:09:34]} 62.Kxe4 {[%clk 0:03:45]}
Nc5+ {[%clk 0:10:00]} 63.Ke3 {[%clk 0:04:11]} Rc2 {[%clk 0:10:26]}
64.Kd4 0-1